000 01732nam a22002177a 4500
999 _c6571
_d6571
003 AR-CdUCM
008 190318b ||||| |||| 00| 0 spa d
040 _aMUNICIPALIDAD PROVINCIAL DEL CUSCO
_cBIBLIOTECA MUNICIPAL DEL CUSCO
082 _a985.01 /
_bK26
100 _aKauffmann Doig, Federico
_96213
245 _aHistoria del Perú antiguo :
_buna nueva perspectiva /
260 _aLima :
_bEditora Perú,
_c1992.
300 _a8 tomos ;
_bilustraciones, mapas, cuadros,
_c18 cm.
440 _aBiblioteca de La Tercera.
_918529
505 _aContenido: t.1: Los orígenes -- t.2: Formación de las sociedades complejas -- t.3: Las culturas americanas y peruanas en el tiempo y el espacio -- t.4: Otras expresiones del contexto Chavín -- Expresiones tardías de la etapa II-A -- La etapa II-B -- t.5: Las lineas de Nazca y Palpa -- Cultura Recuay -- La etapa II-C -- Huari (o wari) -- t.6: Cuadro del antiguo Perú en vísperas de la expansión Inca -- t.8: Naciones anexadas al Incario -- El Incario: orígenes míticos e historia -- El Incario: territorio y población -- t.9:La prpyeccion a los andes Amazónicos --Población del Tahuantinsuyo --Lengua habladas en el Incario --El incario:organizacion estatal --t.10:El incario:gobierno y administración --Divison territorial cuatro suyos --Los funcionqarios --La base decimal -Camachino, eleccion de los cargos -- t.11. Pre inca -- t.12:Culto a los difuntos --Salud y magia --El incario:arte y cultura --Aspectos científicos --La musica --t.13:El quero --Arte textil --El arte de los metales x el incario ante el mundo.
650 _aHistoria del Perú
_9259
650 _aCulturas
_918182
650 _aÉpoca prehispánica
_92714
942 _2ddc
_cLIBROS
945 _aachl